| 000 | 00588cam a2200229ua 4500 | ||
|---|---|---|---|
| 001 | 19 | ||
| 008 | 190725n ii |||gr||||Z||||||eng | ||
| 020 | _a007-124476-X | ||
| 040 | _cMAIN | ||
| 041 | _aeng | ||
| 082 | _a005.74 | ||
| 100 |
_aSilberschatz, Abraham., _eAuthor. |
||
| 245 |
_aDatabase system concepts _cBy Abraham silberschatz |
||
| 250 | _a5th. | ||
| 260 |
_aSingapure: _bMcgraw-Hill., _c2006. |
||
| 300 |
_axxvi, 1142 p.: _bill.; _c26 cm. |
||
| 653 | _aComputer | ||
| 653 | _aDatabase System | ||
| 700 |
_aKorth, Henry F., _eAuthor. |
||
| 700 | _aSudarshan, S., | ||
| 942 | _cBK | ||
| 999 |
_c14 _d14 |
||